zpět

Detail výsledku týmu

Sportbar Penalta, Přerov

Datum a čas kvízu

21.5 Celkem bodů Celkový počet nahraných bodů na tomto kvízu bez doplňovacích otázek.
9. Pořadí na kvízu Konečné umístění týmu na tomto kvízu.

Zaznamenané odpovědi

# Otázka Odpověď Body Výsledky
1. Jak se jmenuje první kompletně... Olbrachtova 0
2. V oblasti okolo černobylské ja... o modrou barvu 1
3. Minulý týden jsme se dozvěděli... Pevnost Boyard; Paklíč (Klíčník) 1
4. Známý dánský pivovar představi... Carlsberg 0
5. Který český hokejista podepsal... Martin Nečas 1
6. Ačkoliv je čas večeře, věnujem... vejce; slaninu 1
7. Od slané ke sladké snídani. V... javorový sirup 1
8. „Snídaně v trávě“ není název: D 0
9. Když vyrazíme od Mumlavského v... Krakonošova snídaně 0
10. Mnozí z nás si snídani bez káv... cascara 0